000 00495nam a2200181Ia 4500
001 13112
005 20260306163030.0
008 260306t2003||||xx |||||||||||||| ||spa||
041 _aESP
082 _aRE 610.03
_bD92
100 _aWilliam Alexander Newmand [1864-1956]
_eAUT
245 0 _aDorland diccionario enciclopédico ilustrado de medicina
260 _c2003
300 _aVIII :X-XXXI :1181-2402 páginas :
_c28 cm.
650 _aGEN
654 _aCPS
942 _cDIC
_dJUS
_fJUS
_2ddc
_n
999 _c13112
_d13112